| 000 | 00655nam a2200229Ia 4500 | ||
|---|---|---|---|
| 003 | OSt | ||
| 005 | 20221007075012.0 | ||
| 006 | a|||||r|||| 00| 0 | ||
| 007 | ta | ||
| 008 | 221006b |||||||| |||| 00| 0 eng d | ||
| 024 | _a6,771 | ||
| 037 | _cTextual | ||
| 040 |
_aFLL _cFLL _beng |
||
| 041 |
_2eng _aeng |
||
| 082 | _aXM55.2.N7t4, L9 | ||
| 100 |
_aSriram V. _9693399 |
||
| 245 | 0 | _aTop 300 companies imports, exports, foreign collaboration agreements and R & D | |
| 260 |
_aNew Delhi _bBookhive India _c1985 |
||
| 300 |
_aviii,404p,ii _ccm. |
||
| 942 |
_hXM55.2.N7t4, L9 _cTEXL _2CC |
||
| 999 |
_c1154460 _d1154460 |
||